000 00355pab a2200157 454500
008 180718b2000 xxu||||| |||| 00| 0 eng d
100 _aGill, K.P.S.
245 _aA leadership lacking in adequate vision
260 _c2000
300 _ap.8
362 _a8 Jul
650 _aPolice - India
650 _aPolice
773 _aPioneer
909 _a47138
999 _c47138
_d47138